On the Stark broadening of Te Ӏ spectral lines for CP star plasma analysis

Bibliographic Details
Main Authors: Dimitrijević, M. S. (Author), Simić, Z. (Author), Kovačević, A. (Author), Dačić, M. (Author), Sahal-Bréchot, S. (Author)
Format: Article
Language:Slovak
English

MARC

LEADER 00000nab a2200000 a 4500
001 vtls010716628
003 SK-MaSNL
005 20260304193029.0
008 250709s2008 xo |||||||||||||||||slo|
035 |a (urnnbn)urn:nbn:sk:snk:ar-a04n1q 
035 |a (uuid)e60ca532-fa7d-460a-b8bd-5f812507e9e7 
035 |a urn:nbn:sk:snk-ab3ikz 
040 |a SNKBUCL  |b slo  |c SNKBUCL  |e AACR2 
041 0 |a eng 
044 |a xo  |c SK 
100 1 |a Dimitrijević, M. S.  |4 aut  |9 1521444 
245 1 0 |a On the Stark broadening of Te Ӏ spectral lines for CP star plasma analysis  |c M. S. Dimitrijević, Z. Simić, A. Kovačević, M. Dačić, S. Sahal-Bréchot 
700 1 |a Simić, Z.  |4 aut  |9 1521443 
700 1 |a Kovačević, A.  |4 aut  |9 1521447 
700 1 |a Dačić, M.  |4 aut  |9 1521446 
700 1 |a Sahal-Bréchot, S.  |4 aut  |9 1521448 
773 0 |t Contributions of the Astronomical Observatory Skalnaté Pleso  |g Roč. 38, č. 2 (2008), s. [403]-404 
850 |a Slovenská národná knižnica 
852 |a Slovenská národná knižnica 
958 |a article1 
958 |a OND 
958 |a EUIPO 
999 |c 3065126  |d 3067056